| 000 | 01518nam a2200361 a 4500 | ||
|---|---|---|---|
| 001 | ebr10671025 | ||
| 003 | CaPaEBR | ||
| 006 | m u | ||
| 007 | cr cn||||||||| | ||
| 008 | 130318s2009 nyuad sb 001 0 eng d | ||
| 020 | _z9781606922286 | ||
| 020 | _z9781614700937 (e-book) | ||
| 040 |
_aCaPaEBR _cCaPaEBR |
||
| 035 | _a(OCoLC)756496918 | ||
| 043 | _an-us--- | ||
| 050 | 1 | 4 |
_aKF1262 _b.I54 2009eb |
| 245 | 0 | 0 |
_aInformation sellers and resellers _h[electronic resource] / _cShane C. Leger. |
| 260 |
_aNew York : _bNova Science Publishers, Inc., _c2009. |
||
| 300 |
_aviii, 156 p. : _bill. |
||
| 490 | 1 | _aFinancial institutions and services series | |
| 504 | _aIncludes bibliographical references and index. | ||
| 533 |
_aElectronic reproduction. _bPalo Alto, Calif. : _cebrary, _d2013. _nAvailable via World Wide Web. _nAccess may be limited to ebrary affiliated libraries. |
||
| 610 | 1 | 0 |
_aUnited States. _bGovernment Accountability Office. |
| 650 | 0 |
_aData protection _xLaw and legislation _zUnited States. |
|
| 650 | 0 |
_aInformation services _xGovernment policy _zUnited States. |
|
| 650 | 0 |
_aRecords _xAccess control _zUnited States. |
|
| 650 | 0 |
_aFinancial institutions _xLaw and legislation _zUnited States. |
|
| 655 | 7 |
_aElectronic books. _2local |
|
| 700 | 1 | _aLeger, Shane C. | |
| 710 | 2 | _aebrary, Inc. | |
| 830 | 0 | _aFinancial institutions and services. | |
| 856 | 4 | 0 |
_uhttp://site.ebrary.com/lib/rucke/Doc?id=10671025 _zAn electronic book accessible through the World Wide Web; click to view |
| 999 |
_c62235 _d62235 |
||